Statistics for French-Speaking Countries Quiz

Click here to take the quiz!

General Stats

  • This quiz has been taken 101,351 times
    (70,616 since last reset)
  • The average score is 14 of 27

Answer Stats

% Country % Correct
97%France
100%
72%Belgium
83%
29%Canada
79%
66%Switzerland
78%
33%Algeria
73%
31%Morocco
70%
96%Luxembourg
69%
79%Monaco
64%
34%Ivory Coast
63%
54%Tunisia
62%
47%D.R. Congo
61%
70%Andorra
61%
58%Rep. of the Congo
59%
29%Senegal
58%
42%Haiti
50%
40%Cameroon
50%
39%Togo
47%
35%Benin
46%
61%Gabon
43%
29%Central African Republic
39%
73%Mauritius
34%
53%Seychelles
31%
25%Comoros
27%
29%Equatorial Guinea
26%
50%Djibouti
22%
38%Lebanon
18%
31%Vanuatu
14%

Score Distribution

Percentile by Number Answered

Percent of People with Each Score

Your Score History

You have not taken this quiz since the last reset